[Event "HCL-A2471"]
[Site "www.playchess.de"]
[Date "2006.01.09"]
[Round "27"]
[White "golddim"]
[Black "Emerson"]
[WhiteElo "1480"]
[BlackElo "1715"]
[PlyCount "67"]
[Result "0-1"]

1.e4 {Hello again}  e5 {Also welcome, I hope you 
feel well?! This morning I went by bike (50 km) - 
now I have to work (preparing my lessons for 
tomorrow).}  2.f4 {Motobike, I hope :)}  exf4 {No 
motobike - a bicycle! This is my 
sunday-morning-sport!}  3.Nf3 {Oh, very nice. I'm 
hardly walking from the car to the office.}  d5 
4.exd5 Nf6 {I think it´s good to make some sports 
(two times a week?!). I also have to sit a long 
time and to correct the tests of my pupils, but 
WEDNESDAY is running-day (10 km) and SUNDAY is 
cycling-day (50 km). Very nice!}  5.Bb5+ {That's 
not nice. That's amaising. I wish I could do it 
too.}  Bd7 {You must BEGIN (if you really want it) 
and you must say: that´s my turn - so strictlty 
how you say: this is my start at work...}  6.Bxd7+ 
{Thank you for the tip :)}  Qxd7 7.c4 b5 {I did 
not want to indignate you!!?? I only told you my 
own experience. 
yours sincerely > Norbert}  8.d3 {It's OK. I will 
really try to use this tip in my life.}  Bd6 9.O-O 
O-O 10.Nc3 a6 {Hi, I hope you made a little bit 
sport last week? I am just returned from my sunday 
mornin bicycle-tour (51 km) - very nice feeling 
now!
Greetimgs, Norbert}  11.Ne4 {Mainly, chess :) And 
I see that your bike made several thousand km to 
Wales :)}  Nxe4 {Hello, a german chessfriend (who 
choosed the flag of Mongolia!) told me that it is 
possible to choose a flag here - and because I 
spend some weeks in Wales 15 years ago (nice 
country, nice people) I decided to "wear" the 
DRAGON. I think it´s nice. So long}  12.dxe4 {I 
think it would be nice to know the real origin of 
the opponent. For example, I save statistics about 
my games vs. players by country. Now, where should 
I put you? :)}  bxc4 {I admit that this eventually 
was no good idea "to change the country" - but 
many players do not even tell me their names (I 
played against gcp or q77). How can I be sure that 
their country-flag is correct!?? Shall I return to 
german flag?}  13.Qd4 {You are right, but for 
statistics there is always a nickname. Of course, 
I prefer to know my opponent's real name 
too.
Shall you return to German flag? It's up to you. 
Just tell me what country do you want to be 
associated with your name in my stat? :)}  Qb5 {I 
meant, that on some player pages you ONLY find the 
nickname or a number - the real name appears not. 
For your stat you should use GERMANY. Good night, 
I have to start toorrow at 6 o´clock. Norbert}  
14.Kh1 {Good morning, man}  f6 {Hi, back from work 
- I see your line: thanks and hello! Today my 
pupils had an examination (5 hours).Now its time 
for me to retire to the chessboard...}  15.Bd2 Nd7 
16.Bc3 Rfe8 17.Rae1 Ne5 18.Nh4 Bc5 19.Qd1 Nd3 
20.Re2 Be3 21.Nf5 Rxe4 22.Nxe3 fxe3 23.Rf3 Qxd5 
24.Qf1 Nf2+ 25.Kg1 Rae8 26.Be1 Nd3 27.Bg3 c6 
28.Kh1 Qd4 29.b3 c3 30.Be1 Nxe1 31.Qxe1 Qd3 32.h3 
c2 33.Rf1 c5 34.Qc1 0-1

[Event "HCL-C4018"]
[Site "www.playchess.de"]
[Date "2006.01.09"]
[Round "1"]
[White "Milosforman"]
[Black "djpnola"]
[WhiteElo "926"]
[BlackElo "1136"]
[PlyCount "56"]
[Result "0-1"]

1.d4 d5 {Hello again.
}  2.Nf3 Bg4 3.h3 Bxf3 4.exf3 Nc6 5.c3 e5 6.dxe5 
Nxe5 7.Bf4 Nc4 8.Bxc4 dxc4 9.Qxd8+ Rxd8 10.Bxc7 
Rd7 11.Ba5 b6 12.Bb4 Bxb4 13.cxb4 Re7+ 14.Kf1 Nf6 
15.b3 b5 16.bxc4 bxc4 17.Na3 Rc7 18.Rc1 O-O 
19.Nxc4 Nd5 20.g3 Nb6 21.Kg2 Nxc4 22.Rce1 Rb7 
23.a3 Nxa3 24.Re4 Nc2 25.Rb1 Rfb8 26.f4 Nxb4 
27.Rc1 Nd3 28.Rc3 Nb2 0-1

[Event "HCL-A2499"]
[Site "www.playchess.de"]
[Date "2006.01.09"]
[Round "3"]
[White "vega3"]
[Black "ndigas"]
[WhiteElo "1362"]
[BlackElo "1266"]
[PlyCount "47"]
[Result "1-0"]

1.e4 {Hi, good luck!}  e5 {Hi, have a nice game!}  
2.Nf3 {hi, you too!}  Nf6 3.Nxe5 d6 4.Nf3 Nxe4 
5.d3 Nf6 6.Bg5 Qe7+ 7.Be2 Be6 8.O-O Nbd7 9.Nc3 
O-O-O 10.a4 h6 11.Be3 Kb8 12.b4 d5 13.b5 g5 14.Rb1 
Bg7 15.Bd4 Nh5 16.Bxg7 Nxg7 17.d4 g4 18.Ne1 h5 
19.Nd3 f5 20.Nf4 Rh6 21.Ncxd5 Qd6 22.c4 Nf6 23.c5 
Qd7 24.c6 1-0

[Event "HCL-M870"]
[Site "www.playchess.de"]
[Date "2006.01.09"]
[Round "4"]
[White "BerndS"]
[Black "papuan"]
[WhiteElo "1963"]
[BlackElo "2323"]
[PlyCount "56"]
[Result "0-1"]

1.d4 {Hi, have a good game}  d5 {Hello & good 
luck!}  2.c4 e6 3.Nc3 c6 4.Nf3 dxc4 5.a4 Bb4 6.e3 
b5 7.axb5 cxb5 8.Bd2 Bxc3 9.Bxc3 a5 10.b3 Bb7 
11.d5 Nf6 12.bxc4 b4 13.Bxf6 Qxf6 14.Qa4+ Nd7 
15.Nd4 e5 16.Nb3 Ke7 17.Be2 Rhc8 18.O-O Nc5 
19.Nxc5 Rxc5 20.Rad1 Kf8 21.f4 Rd8 22.Rf3 Bc8 
23.Rdf1 e4 24.Rg3 Bd7 25.Qb3 Rb8 26.Rg5 a4 27.Qb1 
a3 28.Qxe4 a2 0-1

[Event "HCL-B3815"]
[Site "www.playchess.de"]
[Date "2006.01.09"]
[Round "6"]
[White "Felipe_Lungov"]
[Black "Skipper_Robert"]
[WhiteElo "1260"]
[BlackElo "957"]
[PlyCount "43"]
[Result "1-0"]

1.d4 d5 2.c4 dxc4 3.Nc3 Nc6 4.Nf3 Be6 5.e4 f6 6.d5 
Nb4 7.dxe6 Qxd1+ 8.Kxd1 O-O-O+ 9.Bd2 Rd6 10.Bxc4 
g5 11.Ke2 g4 12.Nh4 Nc2 13.Nf5 Rc6 14.Rac1 Rxc4 
15.Rxc2 Rxe4+ 16.Nxe4 b6 17.Rhc1 Bh6 18.Nxe7+ Nxe7 
19.R2xc7+ Kd8 20.Bxh6 Nd5 21.Rd7+ Ke8 {bye}  
22.Nd6+ {bye, ill see you around} 
 1-0

[Event "HCL-A2548"]
[Site "www.playchess.de"]
[Date "2006.01.09"]
[Round "9"]
[White "Alex77"]
[Black "organic"]
[WhiteElo "1435"]
[BlackElo "1326"]
[PlyCount "38"]
[Result "0-1"]

1.e4 {Good game}  e5 {The same to you}  2.Nf3 Nc6 
3.Bc4 Nf6 4.Ng5 d5 5.exd5 Na5 6.Bb5+ c6 7.dxc6 
bxc6 8.Be2 Bc5 9.O-O O-O 10.d3 Ba6 11.Be3 Bxe3 
12.fxe3 Nd5 13.Nxf7 Rxf7 14.Rxf7 Kxf7 15.Bh5+ g6 
16.Qf3+ Kg7 17.Bg4 Qg5 18.e4 Rf8 19.Qg3 
Qc1+ 0-1

[Event "HCL-C4018"]
[Site "www.playchess.de"]
[Date "2006.01.09"]
[Round "8"]
[White "djpnola"]
[Black "alauddin"]
[WhiteElo "1136"]
[BlackElo "931"]
[PlyCount "97"]
[Result "1-0"]

1.f4 {Hello}  d5 {hello!}  2.d4 Nf6 3.Nc3 Nc6 
4.Nf3 Bg4 5.h3 Bxf3 6.exf3 e6 7.Bb5 Qd7 8.O-O a6 
9.Bxc6 Qxc6 10.Bd2 Bd6 11.g3 Qc4 12.b3 Qxd4+ 
13.Kg2 Bb4 14.Qe1 O-O 15.Rd1 Qb6 16.Na4 Qc6 
17.Bxb4 Rfe8 18.Qc3 Qb5 19.Ba3 Qe2+ 20.Kg1 d4 
21.Qxd4 Qxc2 22.Rf2 Qc6 23.Nc3 Nd5 24.Bb2 f6 
25.Nxd5 exd5 26.Qxd5+ Kh8 27.Rfd2 Qxd5 28.R2xd5 c6 
29.R5d7 b5 30.g4 h6 31.g5 hxg5 32.fxg5 Ref8 
33.gxf6 gxf6 34.R7d6 Rfg8+ 35.Kh2 Kh7 36.Rxf6 Rae8 
37.Rd7+ Rg7 38.Rxg7+ Kxg7 39.Re6+ Kf7 40.Rxe8 Kxe8 
41.Kg3 Kd7 42.Kf4 Kd6 43.Ke4 c5 44.h4 Ke7 45.h5 
Kf7 46.Kf5 Kg8 47.Kg6 Kf8 48.h6 Ke7 
49.h7 1-0

[Event "HCL-B3589"]
[Site "www.playchess.de"]
[Date "2006.01.09"]
[Round "2"]
[White "sarx"]
[Black "wesleywilly"]
[WhiteElo "1205"]
[BlackElo "1200"]
[PlyCount "81"]
[Result "1-0"]

1.e4 e6 2.Nf3 d5 3.e5 b6 4.d4 c5 5.c3 f6 6.Bb5+ 
Bd7 7.Qe2 a6 8.Bxd7+ Nxd7 9.exf6 Qxf6 10.Bg5 Qf5 
11.Nbd2 h6 12.Bh4 g5 13.Bg3 Ne7 14.Ne5 c4 15.Ndf3 
a5 16.Nxd7 Kxd7 17.O-O Qd3 18.Qxd3 cxd3 19.Rfd1 b5 
20.Rxd3 b4 21.cxb4 axb4 22.Ne5+ Kd6 23.Nf7+ Kd7 
24.Nxh8 Ke8 25.a3 Bg7 26.Be5 Nf5 27.Bxg7 Nxg7 
28.Ng6 Nh5 29.Rdd1 Nf4 30.Nxf4 gxf4 31.axb4 Rb8 
32.Ra4 h5 33.Rda1 Rb7 34.R4a8+ Kd7 35.R8a7 Rc7 
36.Rxc7+ Kxc7 37.b5 Kb6 38.Ra6+ Kxb5 39.Rxe6 Kc4 
40.Rh6 Kxd4 41.Rxh5 1-0

[Event "HCL-C4043"]
[Site "www.playchess.de"]
[Date "2006.01.09"]
[Round "10"]
[White "Grunert"]
[Black "valpa"]
[WhiteElo "907"]
[BlackElo "1106"]
[PlyCount "22"]
[Result "0-1"]

1.d4 d5 2.e3 Nc6 3.Nf3 Bg4 4.Be2 Bxf3 5.Bxf3 Nf6 
6.O-O e5 7.dxe5 Nxe5 8.Nc3 c6 9.Bd2 Be7 10.h3 O-O 
11.Qe2 Nxf3+ 0-1

[Event "HCL-A2466"]
[Site "www.playchess.de"]
[Date "2006.01.09"]
[Round "3"]
[White "alldrix"]
[Black "tuGGy"]
[WhiteElo "1684"]
[BlackElo "1544"]
[PlyCount "88"]
[Result "0-1"]

1.e4 {hi, have a good game}  d5 2.exd5 Nf6 3.Nc3 
Nxd5 4.Nf3 Bg4 5.Bc4 e6 6.O-O Nb6 7.Bb3 c5 8.Na4 
Nc6 9.d3 Nd4 10.Bf4 Nxa4 11.Bxa4+ b5 12.c3 Bxf3 
13.gxf3 bxa4 14.Qxa4+ Qd7 15.Qxd7+ Kxd7 16.cxd4 
cxd4 17.Be5 Bc5 18.Rac1 Rhc8 19.Bxg7 Bb6 20.Be5 
Rc6 21.Bf4 Rg8+ 22.Kh1 Rgc8 23.Rxc6 Rxc6 24.Rc1 
Rxc1+ 25.Bxc1 Ke7 26.Kg2 Kf6 27.Kg3 Kf5 28.h3 e5 
29.Kh4 Ba5 30.a3 Be1 31.Kg3 h5 32.b4 Ke6 33.Kh4 
Bxf2+ 34.Kxh5 f5 35.h4 Kd5 36.Kg6 Be3 37.Bb2 e4 
38.fxe4+ fxe4 39.dxe4+ Kxe4 40.b5 d3 41.Bc3 d2 
42.Bxd2 Bxd2 43.a4 Kd5 44.h5 Kc5 0-1

[Event "HCL-E1527"]
[Site "www.playchess.de"]
[Date "2006.01.09"]
[Round "8"]
[White "DarianTomb"]
[Black "baggur"]
[WhiteElo "1653"]
[BlackElo "1660"]
[PlyCount "43"]
[Result "1-0"]

1.e4 c5 2.Nf3 d6 3.d4 cxd4 4.Nxd4 Nf6 5.Nc3 a6 
6.Bc4 Qc7 7.Qd3 b5 8.Bd5 Nxd5 9.Nxd5 Qd8 10.Be3 
Bb7 11.Nxb5 axb5 12.Bb6 Qd7 13.Nc7+ Kd8 14.Nxa8+ 
Kc8 15.Nc7 Nc6 16.Nxb5 g6 17.Qc3 Rg8 18.Qc4 e6 
19.O-O-O Be7 20.Rd3 Bd8 21.Rxd6 Qe7 
22.Na7+ 1-0

[Event "HCL-C4073"]
[Site "www.playchess.de"]
[Date "2006.01.09"]
[Round "7"]
[White "IRONMAIDEN"]
[Black "Henri"]
[WhiteElo "1354"]
[BlackElo "818"]
[PlyCount "59"]
[Result "1-0"]

1.e4 e5 {Bonjour et Bonne Partie}  2.Nf3 {I think 
I got you and wish you also a good game and kind 
regards. my french is nonexistent...}  Nc6 3.Bb5 
Nf6 4.d3 Bc5 5.Bxc6 bxc6 6.O-O O-O 7.c3 d5 8.Bg5 
d4 9.Nxe5 Qd6 10.Bxf6 Qxf6 11.Nc4 Rb8 12.cxd4 Be7 
13.b3 c5 14.Nbd2 Qg6 15.d5 Bh3 16.Qf3 Bg4 17.Qg3 
f5 18.Ne5 Qg5 19.Ndc4 Be2 20.Qxg5 Bxg5 21.Rfe1 
Bxd3 22.Nd7 Bxe4 23.Nxb8 Rxb8 24.d6 c6 25.Rad1 Bc2 
26.Rda1 Rd8 27.g3 Bf6 28.Rac1 Bd3 29.Re6 Bg5 
30.Rce1 1-0

[Event "HCL-C4018"]
[Site "www.playchess.de"]
[Date "2006.01.09"]
[Round "7"]
[White "alauddin"]
[Black "Milosforman"]
[WhiteElo "931"]
[BlackElo "926"]
[PlyCount "41"]
[Result "1-0"]

1.e4 c5 2.Nf3 d6 3.Nc3 e6 4.d4 Ne7 5.dxc5 dxc5 
6.Qxd8+ Kxd8 7.Bf4 Nbc6 8.O-O-O+ Bd7 9.Bb5 a6 
10.Bc4 b5 11.Be2 c4 12.Ng5 Rg8 13.Nxf7+ Kc8 
14.Nd6+ Kd8 15.Bg4 Ng6 16.Nf7+ Kc8 17.Rd2 Be7 
18.a4 b4 19.Ne2 e5 20.Be3 c3 21.bxc3 1-0

[Event "HCL-B3776"]
[Site "www.playchess.de"]
[Date "2006.01.09"]
[Round "4"]
[White "Wurstowski"]
[Black "klaus_mueller"]
[WhiteElo "721"]
[BlackElo "1429"]
[PlyCount "62"]
[Result "1/2-1/2"]

1.e4 {hi}  d6 {and best wishes}  2.d4 Nf6 3.Bd3 g6 
4.Bg5 Bg7 5.c3 O-O 6.h3 c5 7.Nf3 b5 8.O-O Nbd7 
9.Bxb5 Nxe4 10.Nbd2 Nxg5 11.Nxg5 cxd4 12.Rb1 dxc3 
13.bxc3 Bxc3 14.Nde4 Bg7 15.Qg4 Nf6 16.Qh4 h5 
17.Bc6 Ba6 18.Rfc1 Rb8 19.g4 Rxb1 20.Rxb1 Qc7 
21.gxh5 Nxh5 22.Ng3 Nf6 23.Rc1 Bb7 24.Qc4 Rc8 
25.Qxf7+ Kh8 26.Qxg6 e5 27.Nf7+ Kg8 28.Nh6+ Kh8 
29.Nf7+ Kg8 30.Nh6+ Kh8 31.Nf7+ 
Kg8 1/2-1/2

[Event "HCL-B3823"]
[Site "www.playchess.de"]
[Date "2006.01.09"]
[Round "19"]
[White "PhilipKaveny"]
[Black "Bense"]
[WhiteElo "1406"]
[BlackElo "1044"]
[PlyCount "43"]
[Result "1-0"]

1.e4 {Hello}  e5 {Hello again}  2.Bc4 d6 3.Nf3 
{Hello}  h6 {Hi}  4.O-O Nf6 5.d4 {Hello and good 
luck}  Nxe4 6.dxe5 g6 7.exd6 Nxd6 8.Re1+ Be7 9.Bb3 
Nc6 10.Nc3 f6 11.Ba4 Bd7 12.Bb3 g5 13.Nd5 h5 
14.Nxf6+ Kf8 15.Nxd7+ Qxd7 16.Ba4 h4 17.Ne5 Qc8 
18.Ng6+ Kg7 19.Nxh8 {Same Message Happy to play 
you a private game  almost anytime}  Kxh8 {I 
should have taken that draw but then I enjoyed the 
game.}  20.Qh5+ {I had to use every trick I know 
to win the last game: Most of the things I do in 
the opening can be easily defeated.}  Kg8 21.Bb3+ 
Kf8 22.Qh8+ 1-0

[Event "HCL-B3793"]
[Site "www.playchess.de"]
[Date "2006.01.09"]
[Round "20"]
[White "evets"]
[Black "nichju"]
[WhiteElo "1445"]
[BlackElo "981"]
[PlyCount "79"]
[Result "1-0"]

1.d4 d5 2.Nf3 Nc6 3.Nbd2 Nf6 4.e3 Bf5 5.c3 e6 
6.Bb5 a6 7.Bxc6+ bxc6 8.O-O Bd6 9.Re1 Ng4 10.e4 
dxe4 11.Nxe4 c5 12.Nxd6+ Qxd6 13.d5 O-O 14.dxe6 
fxe6 15.h3 Nf6 16.Qb3 Be4 17.Ng5 Rae8 18.Be3 Nd5 
19.Nxe4 Qe5 20.Nxc5 Qf5 21.f3 h6 22.Bd4 e5 
23.Qxd5+ Kh7 24.Rxe5 Qc2 25.Qe4+ Qxe4 26.Rxe4 Red8 
27.Ne6 Rxd4 28.Rxd4 Re8 29.Nxc7 Re7 30.Nxa6 Re2 
31.Rad1 Rxb2 32.a4 Ra2 33.c4 Rxa4 34.Nc7 Ra7 
35.Ne6 Ra6 36.Nf4 Rf6 37.c5 Rc6 38.Rc1 Rc7 39.c6 
Kg8 40.Rd7 1-0

[Event "HCL-E1540"]
[Site "www.playchess.de"]
[Date "2006.01.09"]
[Round "2"]
[White "tuGGy"]
[Black "ryser"]
[WhiteElo "1522"]
[BlackElo "1766"]
[PlyCount "24"]
[Result "0-1"]

1.g4 d5 2.Bg2 e5 3.c4 c6 4.cxd5 cxd5 5.Qb3 Ne7 
6.Nc3 Be6 7.Qxb7 Nbc6 8.Nxd5 Bxd5 9.Bxd5 Rc8 10.e4 
Nxd5 11.Nf3 Ndb4 12.O-O Rb8 0-1

[Event "HCL-C3940"]
[Site "www.playchess.de"]
[Date "2006.01.09"]
[Round "27"]
[White "zemljanin"]
[Black "Milosforman"]
[WhiteElo "1365"]
[BlackElo "1040"]
[PlyCount "73"]
[Result "1-0"]

1.c4 c5 2.Nc3 e6 3.e4 d6 4.Nf3 Bd7 5.d4 cxd4 
6.Nxd4 e5 7.Nc2 Nf6 8.Bg5 Be7 9.Be2 h6 10.Bh4 g5 
11.Bg3 h5 12.h4 g4 13.Ne3 Nc6 14.Nc2 a6 15.a3 Na5 
16.b4 Nc6 17.f4 exf4 18.Bxf4 a5 19.b5 Na7 20.Bxd6 
Bxd6 21.Qxd6 Nh7 22.O-O-O Nc8 23.Qe5+ Qe7 24.Qxh8+ 
Nf8 25.Qxh5 g3 26.Nd5 Qd6 27.e5 Qc5 28.Nf6+ Ke7 
29.Nxd7 Nxd7 30.Qg5+ f6 31.exf6+ Nxf6 32.Qxc5+ Nd6 
33.Qxd6+ {happy new year!}  Kf7 34.Qxg3 Re8 
35.Qc7+ Re7 36.Qxe7+ Kxe7 37.h5 1-0

[Event "HCL-B3731"]
[Site "www.playchess.de"]
[Date "2006.01.09"]
[Round "5"]
[White "Alves"]
[Black "Rambo"]
[WhiteElo "1493"]
[BlackElo "1341"]
[PlyCount "61"]
[Result "1-0"]

1.c4 e5 2.a3 Nf6 3.Nc3 Bc5 4.e4 Nc6 5.Nf3 O-O 6.d3 
Ng4 7.Be3 Bxe3 8.fxe3 Nxe3 9.Qd2 Nxf1 10.Rxf1 d6 
11.h3 a6 12.Nd5 Be6 13.g4 Nd4 14.Nxd4 exd4 15.Qf2 
c6 16.Nf4 b5 17.Qxd4 bxc4 18.dxc4 c5 19.Qc3 Qh4+ 
20.Kd2 Rab8 21.b3 Qe7 22.Nh5 f6 23.Rf3 Rbe8 24.Re1 
Bd7 25.Rfe3 g6 26.Nf4 Bc6 27.Nd5 Bxd5 28.exd5 Qd7 
29.R3xe8 Rxe8 30.Rxe8+ Qxe8 31.Qxf6 1-0

[Event "HCL-C3982"]
[Site "www.playchess.de"]
[Date "2006.01.09"]
[Round "6"]
[White "Milosforman"]
[Black "daveboy6968"]
[WhiteElo "1027"]
[BlackElo "991"]
[PlyCount "53"]
[Result "1-0"]

1.d4 d5 2.Nf3 Nc6 3.e3 Bg4 4.Be2 f6 5.Nh4 Bxe2 
6.Qxe2 e6 7.Nd2 g5 8.Nhf3 Bd6 9.O-O Nge7 10.c3 Qd7 
11.Nb3 O-O 12.h4 gxh4 13.Nxh4 Rf7 14.Nc5 Bxc5 
15.dxc5 Na5 16.b4 Nc4 17.f4 f5 18.Rf3 Kf8 19.Rg3 
Nd6 20.cxd6 Qxd6 21.a4 a6 22.Ba3 Qc6 23.a5 Qc4 
24.Qxc4 c6 25.Qc5 Rf6 26.b5 axb5 
27.Qxe7+ 1-0

[Event "HCL-C3917"]
[Site "www.playchess.de"]
[Date "2006.01.09"]
[Round "11"]
[White "Wilmy"]
[Black "Milosforman"]
[WhiteElo "1267"]
[BlackElo "1003"]
[PlyCount "73"]
[Result "1-0"]

1.e4 e6 2.d4 d6 3.Nf3 {Hello again!}  b6 4.Bd3 Bb7 
{hi}  5.Nc3 {Gut Sport!}  Ne7 6.Bg5 f6 7.Be3 Nec6 
8.d5 exd5 9.exd5 Ne5 10.Qe2 Be7 11.O-O Nxf3+ 
12.Qxf3 Nd7 13.Qh5+ Kf8 14.Bxh7 Ne5 15.f4 Nc4 
16.Bc1 Ba6 17.Rf3 Qd7 18.Qg6 Qe8 19.f5 Qxg6 
20.Bxg6 Ne5 21.Rf2 Bb7 22.Bf4 Ng4 23.Re2 Ne5 
24.Rd1 Nxg6 25.fxg6 Rh4 26.g3 Rg4 27.Rde1 a6 
28.R2xe7 Rxg6 29.Rxc7 Bc8 30.Bxd6+ Kg8 31.Re8+ Kh7 
32.Rcxc8 Rxc8 33.Rxc8 f5 34.Be5 b5 35.Rc6 {Frohes 
Neues Jahr!}  Rxc6 36.dxc6 g5 37.c7 1-0

[Event "HCL-B3715"]
[Site "www.playchess.de"]
[Date "2006.01.09"]
[Round "5"]
[White "je_suis_tahmid"]
[Black "benace"]
[WhiteElo "1500"]
[BlackElo "1400"]
[PlyCount "47"]
[Result "1-0"]

1.e4 {Hey! Asl?}  c5 2.Nf3 {wats up}  Nc6 3.d4 
cxd4 4.Nxd4 Ne5 5.Nc3 e6 6.Be3 b6 7.f3 Bb7 8.Qd2 
Bd6 9.Ndb5 Bb4 10.Nd6+ Bxd6 11.Qxd6 Qf6 12.Nb5 Ne7 
13.Nc7+ Kd8 14.Nxa8 Bxa8 15.Bxb6+ axb6 16.Qb8+ Nc8 
17.Ba6 Re8 18.Qxc8+ Ke7 19.Qc3 Kf8 20.O-O-O Bc6 
21.Rhf1 Qf4+ 22.Kb1 Ng6 23.g3 Qb8 
24.Qb4+ 1-0

[Event "ACL-T169"]
[Site "www.playchess.de"]
[Date "2006.01.09"]
[Round "2"]
[White "ksterleu"]
[Black "Kinglord"]
[WhiteElo "1561"]
[BlackElo "1839"]
[PlyCount "58"]
[Result "0-1"]

1.e4 e5 2.Nf3 Nc6 3.Bc4 Bc5 4.b4 Bxb4 5.c3 
{hi!
}  Ba5 {hi there :)}  6.d4 exd4 7.O-O dxc3 8.Qb3 
Qf6 9.e5 Qf5 10.Nxc3 Nge7 11.Nd5 Nxd5 12.Bxd5 O-O 
13.Bb2 d6 14.exd6 cxd6 15.Rad1 Qg6 16.Rd3 Nb4 
17.Rd4 Nxd5 18.Rxd5 Be6 19.Rxa5 Bxb3 20.Rg5 Qxg5 
21.Nxg5 Bxa2 22.h3 a5 23.Rd1 b5 24.Rxd6 Rfd8 
25.Rb6 b4 26.Rb7 Bd5 27.Rb5 f6 28.Nf3 Bxf3 29.gxf3 
Rd2 0-1

[Event "HCL-A2527"]
[Site "www.playchess.de"]
[Date "2006.01.09"]
[Round "22"]
[White "HOTSUN"]
[Black "GCP"]
[WhiteElo "1622"]
[BlackElo "1491"]
[PlyCount "75"]
[Result "1-0"]

1.e4 {hello again}  d6 {hello to you, I suppose 
you are happy when you meet me on the other side 
of the chessboard :))}  2.Nf3 {im not winning 
yet.}  g6 {;)}  3.Nc3 Bg7 4.d4 Nf6 5.h3 O-O 6.Be3 
c6 7.Be2 b5 8.a3 Bb7 9.O-O a6 10.Qd2 Re8 11.Bh6 
Bh8 12.Bd3 Nbd7 13.Rfe1 e5 14.dxe5 Nxe5 15.Nxe5 
dxe5 16.b4 Rc8 17.Be3 Re7 18.Bc5 Re8 19.Rad1 Nd7 
20.Qe3 Nxc5 21.Qxc5 Bg7 22.Bxb5 Qe7 23.Qxe7 Rxe7 
24.Bc4 c5 25.b5 axb5 26.Bxb5 Bf8 27.Nd5 Bxd5 
28.Rxd5 f6 29.Red1 Kf7 30.R5d7 Rxd7 31.Rxd7+ Be7 
32.c4 Ke6 33.Ra7 Rd8 34.a4 h5 35.a5 Bd6 36.a6 Bb8 
37.Rg7 g5 38.a7 1-0

[Event "HCL-E1478"]
[Site "www.playchess.de"]
[Date "2006.01.09"]
[Round "12"]
[White "Pwyll"]
[Black "ID"]
[WhiteElo "2000"]
[BlackElo "2000"]
[PlyCount "30"]
[Result "0-1"]

1.c4 Nf6 2.Nc3 e5 3.Nf3 Nc6 4.e3 Bb4 5.Qc2 d6 
6.Nd5 a5 7.a3 Bc5 8.b3 Be6 9.Nc3 Qd7 10.Bb2 O-O 
11.Bd3 Kh8 12.Ng5 g6 13.Nxe6 Qxe6 14.f3 Kg8 
15.O-O-O Ne8 0-1

[Event "HCL-B3603"]
[Site "www.playchess.de"]
[Date "2006.01.09"]
[Round "17"]
[White "HaydenJames"]
[Black "ppadala"]
[WhiteElo "1500"]
[BlackElo "1290"]
[PlyCount "91"]
[Result "1-0"]

1.e4 e5 2.Nf3 Nc6 3.Bb5 a6 4.Ba4 Nf6 5.O-O Be7 
6.Re1 b5 7.Bb3 O-O 8.c3 d5 9.exd5 Nxd5 10.Nxe5 
Nxe5 11.Rxe5 c6 12.d4 Bd6 13.Re1 Qh4 14.g3 Qh3 
15.Be3 Bg4 16.Qd3 Bf3 17.Qf1 Qh5 18.Nd2 Bg4 19.a4 
Rfe8 20.Bc2 Nxe3 21.Rxe3 Rxe3 22.fxe3 Re8 23.e4 
Bh3 24.Qf2 c5 25.e5 Bc7 26.Re1 Re6 27.axb5 axb5 
28.Nf3 Bg4 29.Nh4 Rh6 30.Bf5 Bxf5 {(offering 
draw)}  31.Nxf5 Re6 32.Qg2 h6 33.Qc2 Bb6 34.Kg2 g6 
35.Nd6 cxd4 36.cxd4 Bxd4 37.Qc8+ Kg7 38.Ne8+ Kh7 
39.Qxe6 fxe6 40.Nf6+ Kg7 41.Nxh5+ gxh5 42.b3 Kg6 
43.Re4 Bc3 44.Kf3 Kf5 45.Ke3 Bxe5 
46.Rb4 1-0

[Event "HCL-B3532"]
[Site "www.playchess.de"]
[Date "2006.01.09"]
[Round "18"]
[White "ppadala"]
[Black "nafets_bln"]
[WhiteElo "1202"]
[BlackElo "1423"]
[PlyCount "85"]
[Result "1-0"]

1.e4 e5 2.Nc3 c5 3.f4 exf4 4.Nf3 Nc6 5.Bc4 h6 6.d3 
Bd6 7.Qe2 Nd4 8.Nxd4 cxd4 9.Nd5 Qa5+ 10.Bd2 Qc5 
11.e5 Bc7 12.Bxf4 b5 13.Nxc7+ Qxc7 14.Bxb5 Qa5+ 
15.Bd2 Qxb5 16.O-O-O Rb8 17.b3 Bb7 18.Qg4 g6 
19.Qxd4 Qa6 20.Kb1 Rc8 21.e6 dxe6 22.Qxh8 Kd7 
23.Qg7 Bxg2 24.Qxf7+ Kc6 25.Rhg1 Bh3 26.Rxg6 Kc5 
27.Rxg8 e5 28.Rxc8+ Bxc8 29.Be3+ Kd6 30.d4 Qe2 
31.dxe5+ Kxe5 32.Qf4+ Ke6 33.Qxh6+ Kf5 34.Rd5+ Ke4 
35.Qg5 Qf1+ 36.Kb2 Bf5 37.Rd4+ Ke5 38.Qf4+ Qxf4 
39.Rxf4 Kf6 40.Bxa7 Kg5 41.Rd4 Bg4 42.a4 Kf5 
43.a5 1-0

[Event "HCL-B3787"]
[Site "www.playchess.de"]
[Date "2006.01.09"]
[Round "4"]
[White "haidi"]
[Black "Hornblower"]
[WhiteElo "1100"]
[BlackElo "1358"]
[PlyCount "154"]
[Result "0-1"]

1.d4 d5 2.Nc3 Nf6 3.h3 b6 4.Bf4 e6 5.Nb5 Bd6 6.Bg3 
Bxg3 7.fxg3 Nc6 8.a3 a6 9.Nc3 O-O 10.e3 Ne4 
11.Nxe4 dxe4 12.c3 e5 13.d5 Ne7 14.c4 c6 15.d6 Nf5 
16.Qa4 b5 17.cxb5 cxb5 18.Qb4 Qxd6 19.Qxe4 Be6 
20.Nf3 Qd5 21.Qxd5 Bxd5 22.Kf2 Bxf3 23.gxf3 Rad8 
24.e4 Rd2+ 25.Be2 Rxb2 26.exf5 Rd8 27.Rad1 Rbd2 
28.Ke1 R2xd1+ 29.Bxd1 a5 30.Rh2 b4 31.Ra2 f6 
32.axb4 axb4 33.Bb3+ Kf8 34.Ra4 Rd3 35.Rxb4 g6 
36.Rb8+ Kg7 37.Ke2 Rd4 38.Ke3 gxf5 39.Bc2 Rc4 
40.Bxf5 Kh6 41.Rh8 Kg5 42.Rxh7 Kxf5 43.Rh5+ Kg6 
44.g4 Rc3+ 45.Ke4 Kf7 46.h4 Ke6 47.Rh6 Rc4+ 48.Kd3 
Rf4 49.Ke3 Kf7 50.g5 fxg5 51.hxg5 Rf5 52.g6+ Kg7 
53.Ke4 Rf4+ 54.Kxe5 Rxf3 55.Ke6 Kxh6 56.g7 
{(offering draw)}  Kxg7 57.Ke5 {(offering draw)}  
Rf6 58.Ke4 Kg6 59.Ke5 {(offering draw)}  Kg5 
60.Ke4 Rf5 61.Kd4 Kf4 62.Kc3 Re5 63.Kd4 {(offering 
draw)}  Kf5 64.Kd3 Re4 65.Kc3 Kf4 66.Kd3 Kf3 
67.Kc3 Ke3 68.Kb3 Kd3 69.Kb2 Rc4 70.Kb3 Kd4 71.Ka3 
Kc3 72.Ka2 Rb4 73.Ka3 Kc4 74.Ka2 Rb3 75.Ka1 Kc3 
76.Ka2 Kc2 77.Ka1 Ra3+ {Thank you for the game.} 
 0-1

[Event "HCL-B3607"]
[Site "www.playchess.de"]
[Date "2006.01.09"]
[Round "10"]
[White "jefersonmello"]
[Black "Wurstowski"]
[WhiteElo "1155"]
[BlackElo "1200"]
[PlyCount "119"]
[Result "1/2-1/2"]

1.e4 {Good game}  e5 {you too}  2.Nf3 Nc6 3.Bb5 
Nge7 4.c3 d6 5.d4 a6 6.Ba4 Bd7 7.O-O b5 8.Bb3 Bg4 
9.d5 Na5 10.Bc2 h6 11.Nbd2 c6 12.dxc6 Nexc6 13.b4 
Nb7 14.Qe1 Be7 15.h3 Bxf3 16.Nxf3 O-O 17.Be3 a5 
18.a3 axb4 19.axb4 d5 20.Rxa8 Qxa8 21.Bd3 Nd6 
22.exd5 e4 23.Bxb5 Nxb5 24.Nd4 Ncxd4 25.Bxd4 Qxd5 
26.f4 Nxd4 27.cxd4 Qxd4+ 28.Kh1 Bxb4 29.Qe2 e3 
30.Rf3 Re8 31.Kh2 Qd2 32.Qb5 Re4 33.Qb8+ Kh7 
34.Qb7 e2 35.Qxe4+ g6 36.Qe8 e1Q 37.Qxf7+ Kh8 
38.Qf6+ {(offering draw)}  Kg8 39.Qxg6+ Kf8 
40.Qxh6+ Ke8 41.Qg6+ Kd8 42.Rd3+ Qxd3 43.Qxd3+ Ke7 
44.Qh7+ Ke6 45.f5+ Kd6 46.Qg6+ Kd5 47.Qf7+ Kd4 
48.Qd7+ Kc4 49.Qe6+ Qxe6 50.fxe6 Bd6+ 51.Kg1 Kd5 
52.g4 Kxe6 53.h4 Be5 54.g5 Kf7 55.Kg2 Kg6 56.Kf3 
Kh5 57.Ke4 Bg3 58.Kf5 Bxh4 59.g6 Kh6 60.Kg4 
{(offering draw)}  1/2-1/2